• 首页
  • 本馆介绍
  • 公告通知
  • 最新文献
  • 馆藏检索
  • 电子资源
  • 读者导购
  • 参考咨询
  • 我的图书馆
  • 登录
  • 详细信息显示
  • 放入我的书架
  • 预约/预借图书
  • 作者相关作品
  • 分类相关作品
  • 丛书相关作品
  • 出版社相关作品

书目信息

  • 表格格式
  • 工作单格式
  • 卡片格式
题名:
静力学
    
 
作者: 金斯伯格 , Ginsberg , 格宁 , Genin 著 ;吴家骥 译
分册:  
出版信息: 北京   人民教育出版社  1982
页数: 337页
开本: 25cm
丛书名:
单 册:
中图分类: O312
科图分类:
主题词: 静力学
电子资源:
ISBN:
000 00797nam0 2200289 45
001 0182001269
005 20040518095521.7
010    @dCNY2.75
091    @a15012.01422
100    @a19950724d1982 em y0chiy0121 ea
101 1  @achi@ceng
102    @aCN@b110000
105    @ay z 000yy
106    @ar
200 10 @a静力学@Ajing li xue@f(美)金斯伯格(J.H.Ginsberg),(美)格宁(J.Genin)著@g吴家骥等译
210    @a北京@c人民教育出版社@d1982
215    @a337页@d25cm
606    @a静力学
690    @aO312@v3
701  1 @a金斯伯格@Ajin si bo ge@bJ.H.@4著
701 A1 @aGinsberg@bJ.H.@4著
701  1 @a格宁@Age ning@bJ.@4著
701 A1 @aGenin@bJ.@4著
702  0 @a吴家骥@Awu jia ji@4译
801  0 @aCN@b上海图书馆@c20040518
801  2 @aCN@bNLC@c20040518
905    @f1@b106722@dO312@e1
    
    静力学/(美)金斯伯格(J.H.Ginsberg),(美)格宁(J.Genin)著/吴家骥等译.-北京:人民教育出版社,1982
    337页;25cm
    
    
    ISBN :CNY2.75
    
●
相关链接 在E读中查询图书 在五车中查询图书 在当当中查询图书 在豆瓣中查询图书


正题名:静力学     索取号:O312/1         预约/预借

序号 登录号 条形码 馆藏地/架位号 状态 备注
1 0106722   000384266   第三借阅区/ [索取号:O312/1] 在馆    
2 0106723   000384257   第二样本阅览室/ [索取号:O312/1] 在馆    
唐山师范学院图书馆 欢迎您!
大连网信软件有限公司© 版权所有